Quiz Cultura Generale - Quiz n°96 - Statistics

Statistiche generali
  • Questo quiz è stato fatto 119 volte
  • Il punteggio medio è 8 su 15
Statistiche sulle risposte
Domanda Risposta % Corretto
Quanti set devono essere vinti in una partita di tennis di un torneo del Grande Slam? 3
94%
Quale stato europeo confina contemporaneamente con Serbia, Bulgaria e Ucraina? Romania
85%
Qual è il nome del cantante Baglioni? Claudio
84%
Su quale isola morì Napoleone Bonaparte il 5 maggio 1821? Sant'Elena
83%
Quanto misura il perimetro di un ennagono con lato di 3 cm? 27 cm
77%
Quale civiltà precolombiana si sviluppò nella penisola dello Yucatan? Maya
70%
Qual è l'unica provincia che confina con quella di Trieste? Gorizia
63%
Quale capitale ha come anagramma "abpdetus"? Budapest
57%
Qual è il titolo del terzo capitolo della saga di Harry Potter? Harry Potter e il prigioniero di Azkaban
53%
Quale gruppo musicale ha inciso l'album "Californication"? Red Hot Chili Peppers
48%
Quale stretto separa la Sardegna dalla Corsica? Bocche di Bonifacio
32%
Quale fiume attraversa la città di Mantova? Mincio
25%
Come si chiama il punto di minima distanza della Luna dalla Terra? Perigeo
16%
Qual è l'isola più grande dell'arcipelago delle Filippine? Luzon
13%
Dove aveva la sede la Società delle Nazioni? Ginevra
10%
Nessun quiz corrispondente trovato
Distribuzione punteggi
Percentuale di utenti per punteggio
Percentile per numero di risposta
I tuoi punteggi nel tempo
Non hai fatto questo quiz